Del bestiario /
Esta colección es una antología de la revista Ciencias publicada por la Facultad de Ciencias de la UNAM con el objetivo de contribuir al la difusión del conocimiento científico. En este volumen primero de la serie se recopilan los artículos que tienen que ver con animales mitológicos, animales descu...
Tallennettuna:
| Päätekijä: | |
|---|---|
| Muut tekijät: | |
| Aineistotyyppi: | Kirja |
| Kieli: | espanja |
| Julkaistu: |
México :
Siglo XXI : UNAM, Facultad de Ciencias,
2011, c2011
|
| Sarja: | (Antologías de la Revista Ciencias ;
1) (Ciencia y Técnica Siglo XXI) |
| Aiheet: | |
| Tagit: |
Ei tageja, Lisää ensimmäinen tagi!
|
MARC
| LEADER | 00000nam^a2200000^a^4500 | ||
|---|---|---|---|
| 001 | 000330496 | ||
| 005 | 20250521000000.0 | ||
| 009 | 20260310114005.772 | ||
| 020 | |a 978-607-02-2871-1 | ||
| 020 | |a 978-607-03-0341-8 | ||
| 037 | |a Acervo ITESO - Biblioteca | ||
| 041 | |a ESP | ||
| 082 | |a 505. |b CIE ANT V. 1 | ||
| 100 | |a Arita, Héctor T. |e (ed.) | ||
| 240 | 1 | 1 | |a [Ciencias] |
| 240 | 1 | 1 | |a [Antología de la revista Ciencias] |
| 245 | 1 | 0 | |a Del bestiario / |c Ed. de H.T. Arita ; presen. de C. Carrillo Trueba. |
| 264 | 4 | |a México : |b Siglo XXI : |b UNAM, Facultad de Ciencias, |c 2011, c2011 | |
| 300 | |a 214 p. | ||
| 336 | |a texto |b txt |2 rdacontenido | ||
| 337 | |a sin mediación |b n |2 rdamedio | ||
| 338 | |a volumen |b nc |2 rdasoporte | ||
| 440 | 1 | |a (Antologías de la Revista Ciencias ; |v 1) | |
| 440 | 1 | |a (Ciencia y Técnica Siglo XXI) | |
| 520 | |a Esta colección es una antología de la revista Ciencias publicada por la Facultad de Ciencias de la UNAM con el objetivo de contribuir al la difusión del conocimiento científico. En este volumen primero de la serie se recopilan los artículos que tienen que ver con animales mitológicos, animales descubiertos en hábitats exclusivos y animales en la literatura. | ||
| 649 | |a XX | ||
| 650 | |a Bestiarios - |x Tema Principal | ||
| 650 | |a Animales (En Religión, Folklore, etc.) | ||
| 650 | |a Animales - |x Tema Principal | ||
| 650 | |a Ciencia - |z México - |x Difusión | ||
| 650 | |a Ciencia - |z Latinoamérica | ||
| 650 | |a Ciencia - |x Publicaciones Periódicas Mexicanas | ||
| 650 | |a Publicaciones Periódicas Mexicanas | ||
| 700 | |a Carrillo Trueba, César |e (presentación) | ||
| 910 | |a Fondo General | ||
| 920 | |a Impresos - Libros | ||
| 930 | |a Colección General | ||
| 905 | |a 101 | ||
| 901 | |a 0500216764 |b IT1 |c ACC |i C134738 |u 20250521 | ||
| 902 | |a https://opac.biblio.iteso.mx/vufind/Record/000330496 | ||